Govt. of
Madhya Pradesh

XHTML complete (Record no. 32980)

MARC details
000 -LEADER
fixed length control field 002970000a22001330004500
003 - CONTROL NUMBER IDENTIFIER
control field MACL
040 ## - CATALOGING SOURCE
Original cataloging agency MACL
090 ## - LOCALLY ASSIGNED LC-TYPE CALL NUMBER (OCLC); LOCAL CALL NUMBER (RLIN)
-- 33330
-- 33328
100 ## - MAIN ENTRY--PERSONAL NAME
Personal name BP B Publications
245 ## - TITLE STATEMENT
Title XHTML complete
260 ## - PUBLICATION, DISTRIBUTION, ETC. (IMPRINT)
Name of publisher, distributor, etc. BP B Publications
Date of publication, distribution, etc. 2002
650 ## - SUBJECT ADDED ENTRY--TOPICAL TERM
Topical term or geographic name as entry element Computer probraming
942 ## - ADDED ENTRY ELEMENTS (KOHA)
Koha item type Library Membar
Call number prefix 005.133/Bpb
Holdings
Withdrawn status Lost status Damaged status Not for loan Home library Current library Date acquired Total Checkouts Full call number Barcode Date last seen Uniform Resource Identifier Price effective from Koha item type
        MACL MACL 15/04/2015   005.133/Bpb BOOK CLC2271 29/04/2015 33037 15/04/2015 Books